[Event "MAU-ch"]
[Site "Nouadhibou"]
[Date "2014.01.03"]
[Round "11"]
[White "Mohamed, Abdelkader Mohamed"]
[Black "Sid Ahmed, Elmahmoud"]
[Result "1-0"]
[WhiteElo "1761"]
[BlackElo "1697"]
[PlyCount "49"]
[EventDate "2013.12.28"]
[EventType "swiss"]
[EventRounds "11"]
[EventCountry "MAU"]
[SourceTitle "CBM 158 Extra"]
[Source "ChessBase"]
[SourceDate "2014.02.28"]
[SourceVersion "1"]
[SourceVersionDate "2014.02.28"]
[SourceQuality "1"]

1. Nc3 e6 2. e4 d5 3. exd5 exd5 4. d4 Nf6 5. g3 Bd6 6. Bg2 a6 7. Bd2 Bf5 8. Qe2+ Be7 9. Nf3 0-0 10. 0-0 Nbd7 11. h4 c6 12. Kh2 Nb6 13. b3 Rc8 14. Rh1 Ng4+ 15. Kg1 a5 16. a4 Re8 17. Re1 Qc7 18. Ng5 h6 19. Bh3 hxg5 20. Bxg4 gxh4 21. Bxf5 hxg3 22. Rh8+ Kxh8 23. Qh5+ Kg8 24. Qh7+ Kf8 25. Qh8# 1-0

[Event "MAU-ch"]
[Site "Nouadhibou"]
[Date "2014.01.02"]
[Round "10"]
[White "Hemam, Moulaye Brahim"]
[Black "Mohamed, Abdelkader Mohamed"]
[Result "0-1"]
[WhiteElo "2061"]
[BlackElo "1761"]
[PlyCount "62"]
[EventDate "2013.12.28"]
[EventType "swiss"]
[EventRounds "11"]
[EventCountry "MAU"]
[SourceTitle "CBM 158 Extra"]
[Source "ChessBase"]
[SourceDate "2014.02.28"]
[SourceVersion "1"]
[SourceVersionDate "2014.02.28"]
[SourceQuality "1"]

1. e4 e6 2. a3 Nc6 3. d4 Nge7 4. Nf3 d6 5. Bc4 d5 6. exd5 Nxd5 7. Bxd5 exd5 8. 0-0 Be7 9. Ne5 Nxe5 10. dxe5 c6 11. Qf3 0-0 12. Qg3 Bf5 13. Qc3 d4 14. Qc4 Qd7 15. Re1 b5 16. Qe2 Rad8 17. Nd2 Bxc2 18. Ne4 d3 19. Qe3 Qd5 20. f4 d2 21. Bxd2 Bxe4 22. Bb4 Bxb4 23. Qxe4 Bxe1 24. Rxe1 Qxe4 25. Rxe4 Rd2 26. Rb4 a6 27. Kf1 c5 28. Rb3 c4 29. Rb4 Rb8 30. Ke1 Rd3 31. Ke2 a5 0-1

[Event "MAU-ch"]
[Site "Nouadhibou"]
[Date "2014.01.01"]
[Round "8"]
[White "Mohamed, Abdelkader Mohamed"]
[Black "Ebnou, Sidahmed"]
[Result "1/2-1/2"]
[WhiteElo "1761"]
[BlackElo "1630"]
[PlyCount "53"]
[EventDate "2013.12.28"]
[EventType "swiss"]
[EventRounds "11"]
[EventCountry "MAU"]
[SourceTitle "CBM 158 Extra"]
[Source "ChessBase"]
[SourceDate "2014.02.28"]
[SourceVersion "1"]
[SourceVersionDate "2014.02.28"]
[SourceQuality "1"]

1. Nf3 Nc6 2. e4 e5 3. g3 Nf6 4. d3 d5 5. exd5 Nxd5 6. Bg2 Bg4 7. Be3 Be7 8. Nbd2 f5 9. Qc1 Qd7 10. Nc4 Qe6 11. 0-0 0-0 12. Re1 f4 13. Nfxe5 fxe3 14. Nxg4 exf2+ 15. Nxf2 Qf5 16. Bxd5+ Qxd5 17. c3 Rxf2 18. Kxf2 Rf8+ 19. Kg1 Qxd3 20. Rxe7 Nxe7 21. Qe3 Qxc4 22. Qxe7 Qc6 23. Qe2 Qb6+ 24. Kg2 Rd8 25. Rf1 Qc6+ 26. Qf3 Qxf3+ 27. Rxf3 1/2-1/2

[Event "MAU-ch"]
[Site "Nouadhibou"]
[Date "2013.12.31"]
[Round "6"]
[White "Mohamed, Lemine Haddou"]
[Black "Mohamed, Abdelkader Mohamed"]
[Result "0-1"]
[WhiteElo "1641"]
[BlackElo "1761"]
[PlyCount "76"]
[EventDate "2013.12.28"]
[EventType "swiss"]
[EventRounds "11"]
[EventCountry "MAU"]
[SourceTitle "CBM 158 Extra"]
[Source "ChessBase"]
[SourceDate "2014.02.28"]
[SourceVersion "1"]
[SourceVersionDate "2014.02.28"]
[SourceQuality "1"]

1. e4 e6 2. Nf3 Nc6 3. Nc3 Nge7 4. d4 d6 5. Bb5 a6 6. Ba4 b5 7. Bb3 Bb7 8. Ng5 h6 9. Nh3 Na5 10. 0-0 Nxb3 11. axb3 b4 12. Na4 Bxe4 13. Qd2 Bd5 14. Nf4 g6 15. Nd3 a5 16. Nf4 Bg7 17. c4 bxc3 18. bxc3 0-0 19. c4 Bxd4 20. Nxd5 Nf5 21. Ndc3 Qf6 22. Bb2 Rab8 23. Ne4 Qg7 24. Rab1 Rxb3 25. g4 Bxb2 26. Rxb2 Nd4 27. Qd1 Rfb8 28. Rxb3 Rxb3 29. Nec3 c5 30. Re1 Qf6 31. Re3 Kg7 32. Kg2 Qf4 33. Ne2 Qxg4+ 34. Rg3 Rxg3+ 35. hxg3 Qxe2 36. Qa1 Qxc4 37. Nb6 Qb5 38. Nc8 Qb7+ 0-1

[Event "MAU-ch"]
[Site "Nouadhibou"]
[Date "2013.12.30"]
[Round "4"]
[White "Cheikh, Ahmed Ishak"]
[Black "Mohamed, Abdelkader Mohamed"]
[Result "1/2-1/2"]
[WhiteElo "1678"]
[BlackElo "1761"]
[PlyCount "66"]
[EventDate "2013.12.28"]
[EventType "swiss"]
[EventRounds "11"]
[EventCountry "MAU"]
[SourceTitle "CBM 158 Extra"]
[Source "ChessBase"]
[SourceDate "2014.02.28"]
[SourceVersion "1"]
[SourceVersionDate "2014.02.28"]
[SourceQuality "1"]

1. e4 e6 2. d4 d5 3. exd5 Qxd5 4. Nf3 Nc6 5. Nc3 Qd8 6. Bb5 Bd7 7. 0-0 a6 8. Bc4 Nf6 9. Bg5 Be7 10. Re1 0-0 11. a3 h6 12. Bh4 b5 13. Bb3 Nh5 14. Bg3 Rc8 15. Qd3 b4 16. axb4 Nxb4 17. Qc4 Bb5 18. Nxb5 axb5 19. Qxb5 Nxg3 20. fxg3 c6 21. Qh5 c5 22. Red1 cxd4 23. c3 Nc6 24. Qb5 Qd6 25. Ra6 Qb8 26. Rb6 Qa7 27. cxd4 Rb8 28. Rxb8 Rxb8 29. Qxc6 Rxb3 30. Qc8+ Bf8 31. Qc2 Qb6 32. Rd2 Bd6 33. Rf2 g6 1/2-1/2

[Event "MAU-ch"]
[Site "Nouadhibou"]
[Date "2013.12.28"]
[Round "1"]
[White "Mohamed, Abdelkader Mohamed"]
[Black "Sidi, Ali Dah"]
[Result "1/2-1/2"]
[WhiteElo "1761"]
[BlackElo "1510"]
[PlyCount "73"]
[EventDate "2013.12.28"]
[EventType "swiss"]
[EventRounds "11"]
[EventCountry "MAU"]
[SourceTitle "CBM 158 Extra"]
[Source "ChessBase"]
[SourceDate "2014.02.28"]
[SourceVersion "1"]
[SourceVersionDate "2014.02.28"]
[SourceQuality "1"]

1. e4 c5 2. Nf3 e6 3. Bc4 Nc6 4. d4 cxd4 5. Nxd4 d5 6. Bb5 Bd7 7. exd5 exd5 8. 0-0 Nge7 9. Nc3 a6 10. Ba4 g6 11. Bg5 Bg7 12. Re1 f6 13. Nxd5 0-0 14. Nxe7+ Nxe7 15. Bb3+ Kh8 16. Bh4 Rc8 17. c3 Nc6 18. Bd5 Nxd4 19. Qxd4 b5 20. Rad1 Bc6 21. Re6 Bxd5 22. Qxd5 Qa5 23. h3 Rcd8 24. Rd6 Rde8 25. Bg3 f5 26. Qc6 Qxa2 27. Qxa6 Qxb2 28. R6d5 f4 29. Bh4 Qxc3 30. Qxb5 f3 31. R5d3 Re1+ 32. Kh2 Qe5+ 33. Qxe5 Bxe5+ 34. Bg3 Bxg3+ 35. Kxg3 Rxd1 36. Rxd1 fxg2 37. Kxg2 1/2-1/2